Reflexia zodpovedného podnikania v podnikateľskom modeli
Podnikateľský model a jeho súvislosť so stratégiou. Náročnosť klienta a potreba zmeny podnikateľského modelu. Nový, dynamický podnikateľský projekt - start-up. Spoločenská zodpovednosť podniku. Možnosti realizácie spoločenskej zodpovednosti prostredníctvom podnikateľského modelu CANVAS.
Salvato in:
| Autore principale: | |
|---|---|
| Natura: | Capitolo di libro |
| Lingua: | slovacco |
| Soggetti: | |
| Tags: |
Nessun Tag, puoi essere il primo ad aggiungerne!!
|
MARC
| LEADER | 00000nla a2200000 4500 | ||
|---|---|---|---|
| 001 | 0224321 | ||
| 005 | 20240502073655.9 | ||
| 041 | 0 | |a slo | |
| 044 | |a SK | ||
| 245 | 1 | 0 | |a Reflexia zodpovedného podnikania v podnikateľskom modeli |c Eliška Záležáková |
| 520 | |a Podnikateľský model a jeho súvislosť so stratégiou. Náročnosť klienta a potreba zmeny podnikateľského modelu. Nový, dynamický podnikateľský projekt - start-up. Spoločenská zodpovednosť podniku. Možnosti realizácie spoločenskej zodpovednosti prostredníctvom podnikateľského modelu CANVAS. | ||
| 610 | 2 | 0 | |a podnikanie zodpovedné |
| 610 | 2 | 0 | |a zodpovednosť spoločenská |
| 610 | 2 | 0 | |a modely podnikateľské |
| 610 | 2 | 0 | |a start-up |
| 100 | 1 | |a Záležáková, Eliška | |